Seis meses de vida / (Record no. 189378)

MARC details
000 -LEADER
campo de control de longitud fija 00574nam a2200181 i 4500
001 - NÚMERO DE CONTROL
campo de control 189378
003 - IDENTIFICADOR DE NÚMERO DE CONTROL
campo de control SpMaBN
005 - FECHA Y HORA DE LA ÚLTIMA TRANSACCIÓN
campo de control 20230906223447.0
008 - DATOS DE LONGITUD FIJA--INFORMACIÓN GENERAL
campo de control de longitud fija 190527q1940 sp |||| | spa d
100 1# - ENTRADA PRINCIPAL--NOMBRE DE PERSONA
Nombre de persona Toroc, Rodolfo.
9 (RLIN) 167132
245 10 - MENCIÓN DEL TÍTULO
Título Seis meses de vida /
Mención de responsabilidad, etc. Rodolfo Toroc ; [traductor, R. Berenguer Palau].
260 ## - PUBLICACIÓN, DISTRIBUCIÓN, ETC.
Lugar de publicación, distribución, etc. [Barcelona] :
Nombre del editor, distribuidor, etc. Hispano-anglo-yanqui de Publicaciones,
Fecha de publicación, distribución, etc. [ca. 1940] (
Fabricante Imp. Pulcra)
300 ## - DESCRIPCIÓN FÍSICA
Extensión 269 p. ;
Dimensiones 16 cm.
490 1# - MENCIÓN DE SERIE
Mención de serie Arco de triunfo
830 0# - PUNTO DE ACCESO ADICIONAL DE SERIE-TÍTULO UNIFORME
Título uniforme Arco de triunfo
9 (RLIN) 225819
852 ## - LOCALIZACIÓN
Ubicación ES-MaACL
Número de control de estantería L-32373
Holdings
Estatus retirado Estado de pérdida Estado de daño No para préstamo Biblioteca de origen Biblioteca actual Ubicación en estantería Fecha de adquisición Fuente de adquisición Total de préstamos Signatura topográfica completa Código de barras Visto por última vez Precio de reemplazo Tipo de ítem Koha
        Biblioteca del Ateneo de Madrid Biblioteca del Ateneo de Madrid Depósito 2 27/05/2019     L-32373 1200650 23/02/2023 23/02/2023 Libro impreso